FORTRAN IV for business and general applications / (Record no. 180339)
[ view plain ]
| 000 -LEADER | |
|---|---|
| fixed length control field | 01529 a2200205 4500 |
| 003 - CONTROL NUMBER IDENTIFIER | |
| control field | Nust |
| 005 - DATE AND TIME OF LATEST TRANSACTION | |
| control field | 20220817141206.0 |
| 010 ## - LIBRARY OF CONGRESS CONTROL NUMBER | |
| LC control number | 74034058 |
| 020 ## - INTERNATIONAL STANDARD BOOK NUMBER | |
| International Standard Book Number | 0471771090 |
| 040 ## - CATALOGING SOURCE | |
| Transcribing agency | Nust |
| 082 00 - DEWEY DECIMAL CLASSIFICATION NUMBER | |
| Classification number | 005.133,SEE |
| 100 1# - MAIN ENTRY--PERSONAL NAME | |
| Personal name | Seeds, Harice L. |
| 9 (RLIN) | 97826 |
| 245 10 - TITLE STATEMENT | |
| Title | FORTRAN IV for business and general applications / |
| Statement of responsibility, etc. | Harice L. Seeds. |
| 260 ## - PUBLICATION, DISTRIBUTION, ETC. | |
| Place of publication, distribution, etc. | New York : |
| Name of publisher, distributor, etc. | Wiley, |
| Date of publication, distribution, etc. | [1975] |
| 300 ## - PHYSICAL DESCRIPTION | |
| Extent | viii, 422 p. : |
| Other physical details | ill. ; |
| Dimensions | 26 cm. |
| 505 ## - FORMATTED CONTENTS NOTE | |
| Formatted contents note | Introduction to Programming (Page-1), Programming Preliminaries (Page-15), Comment, READ, WRITE and FORMAT Statement (Page-27), GOTO Statement END = Option READ Statement (Page-51), Literals in FORMAT Statements (Page-61), Arithmetic Statements (Page-77), Alphabetic Fields and The Open Hollerith Format (Page-95), Arithmetic IF Statements (Page-115), Logical IF Statement (Page-143),DO and CONTINUE Statements (Page-155), DIMESION Statement and Arrays (Page-171), Implied DO Loops (Page-195), Subtotals and Control Breaks (Page-211), The Computed GOTO Statements (Page-235), DATA Specifications Statements (Page-267), EQYIVALENCE Statements (Page-283), Subprograms; Introductions(Page-297), Subprograms; Statement Functions (Page-301),Subprograms; Functions (Page-311), Subprograms; Subroutines (Page-333),Subprograms; COMMON and BLOCK DATA Statements (Page-345), ASSIGN and Assigned GOTO Statements (Page-371), The Debug Packet (Page-401). |
| 650 #0 - SUBJECT ADDED ENTRY--TOPICAL TERM | |
| Topical term or geographic name entry element | Business |
| General subdivision | Data processing. |
| 9 (RLIN) | 3217 |
| 650 #0 - SUBJECT ADDED ENTRY--TOPICAL TERM | |
| Topical term or geographic name entry element | FORTRAN IV (Computer program language) |
| 9 (RLIN) | 36702 |
| 942 ## - ADDED ENTRY ELEMENTS (KOHA) | |
| Source of classification or shelving scheme | |
| Koha item type | Book |
| Call number prefix | 005.133,SEE |
| Withdrawn status | Lost status | Source of classification or shelving scheme | Damaged status | Not for loan | Permanent Location | Current Location | Shelving location | Date acquired | Full call number | Barcode | Date last seen | Price effective from | Koha item type | Public note |
|---|---|---|---|---|---|---|---|---|---|---|---|---|---|---|
| Military College of Signals (MCS) | Military College of Signals (MCS) | General Stacks | 12/12/2016 | 005.133,SEE | MCS1851 | 12/08/2016 | 12/12/2016 | Book | Almirah No.5, Shelf No.3 |
